000 00545nam a2200169 i 4500
001 83335
003 ES-MaACL
005 20230906174819.0
007 t|
008 041112s1980 sp ||||1| spa d
245 0 0 _aEstadística de préstamos hipotecarios
_b: 1978 /
_cInstituto Nacional de Estadística.
260 _a[Madrid :
_bs.n.,
_c1980]
300 _a35 p. ;
_c27 cm.
650 4 _aHipotecas-
_zEspaña-
_vEstadísticas.
_9164629
710 2 _aInstituto Nacional de Estadística (España)
_95162
852 _aES-MaACL
_j2116-F-13
_bR.99952
999 _c83335
_d83335